01341nas a2200349 4500001001300000003000900013005001700022007000300039008003400042040005400076041000900130072000800139100002100147100001700168100001800185100001900203245012600222246010900348650001600457650002000473650001000493650000900503650001200512650002400524650002400548773014400572856005100716909004000767942001800807999001900825952014700844BR2015006271BR-BrBNA20231205125848.0ta230509b bl.|||p| |||| 00| 00por d aBR-BrBNAbporcBiblioteca Nacional de Agricultura a(Pt) aL401 aMonteiro, C.M.R.1 aFarias, E.C.1 aPerri, S.H.V.1 aSouza, W.M. de1 aEstudo anatômico comparativo do útero e tubas uterinas de vacas e novilhas da raça Nelore (Bos primigenius indicus)1 aComparative anatomical study of uterus and oviducts of Nelore cows and heifers (Bos primigenius indicus) aGADO NELORE aANATOMIA ANIMAL aUTERO aVACA aOVIDUTO aAPARELHO REPRODUTOR aANALISE COMPARATIVA0 tBrazilian Journal of Veterinary Research and Animal Science (Brazil)xISSN 1413-9596ISSN 1678-4456g(2001), v. 38(1) p. 13-16wBR201500627140uhttp://www.scielo.br/pdf/bjvras/v38n1/9668.pdf a202311bLúciac55dLúcia Elande 2AGRISn0cANA c246569d246569 002AGRIS4071a41918b41918cPeriódicos Agrícolash(2001), v. 38(1) p. 13-16l0r2023-11-29t01yCRePortaria Interministerial nº 164/94